000 00508nmm a2200193Ia 4500
008 251105s9999||||xx |||||||||||||||||und||
020 _a9788433978103
041 _aspa
100 _aZulaika, Jaime
245 0 _aSábado
264 _a[Madrid, España] :
_bEditorial Anagrama,
_c2005
300 _a336 páginas
490 _aCompactos
650 _aEnglish Narrative
700 _aZulaika, Jaime
700 1 _a McEwan, Ian
856 _uhttps://public.digitaliapublishing.com/a/49015
942 _cCF
999 _c72875
_d72875